Advances in Cryptology – ASIACRYPT 2016 22nd International Conference on the Theory and Application of Cryptology and Information Security, Hanoi, Vietnam, December 4-8, 2016, Proceedings, Part I /

The two-volume set LNCS 10031 and LNCS 10032 constitutes the refereed proceedings of the 22nd International Conference on the Theory and Applications of Cryptology and Information Security, ASIACRYPT 2016, held in Hanoi, Vietnam, in December 2016. The 67 revised full papers and 2 invited talks prese...

Full description

Corporate Author: SpringerLink (Online service)
Other Authors: Cheon, Jung Hee. (Editor, http://id.loc.gov/vocabulary/relators/edt), Takagi, Tsuyoshi. (Editor, http://id.loc.gov/vocabulary/relators/edt)
Language:English
Published: Berlin, Heidelberg : Springer Berlin Heidelberg : Imprint: Springer, 2016.
Edition:1st ed. 2016.
Series:Security and Cryptology ; 10031
Subjects:
Online Access:https://doi.org/10.1007/978-3-662-53887-6
LEADER 04012nam a22006375i 4500
001 978-3-662-53887-6
003 DE-He213
005 20210624151046.0
007 cr nn 008mamaa
008 161108s2016 gw | s |||| 0|eng d
020 |a 9783662538876  |9 978-3-662-53887-6 
024 7 |a 10.1007/978-3-662-53887-6  |2 doi 
050 4 |a QA76.9.D335 
072 7 |a GPJ  |2 bicssc 
072 7 |a COM053000  |2 bisacsh 
072 7 |a GPJ  |2 thema 
072 7 |a URY  |2 thema 
082 0 4 |a 005.82  |2 23 
245 1 0 |a Advances in Cryptology – ASIACRYPT 2016  |h [electronic resource] :  |b 22nd International Conference on the Theory and Application of Cryptology and Information Security, Hanoi, Vietnam, December 4-8, 2016, Proceedings, Part I /  |c edited by Jung Hee Cheon, Tsuyoshi Takagi. 
250 |a 1st ed. 2016. 
264 1 |a Berlin, Heidelberg :  |b Springer Berlin Heidelberg :  |b Imprint: Springer,  |c 2016. 
300 |a XXIV, 941 p. 217 illus.  |b online resource. 
336 |a text  |b txt  |2 rdacontent 
337 |a computer  |b c  |2 rdamedia 
338 |a online resource  |b cr  |2 rdacarrier 
347 |a text file  |b PDF  |2 rda 
490 1 |a Security and Cryptology ;  |v 10031 
505 0 |a Mathematical Analysis -- AES and White-Box -- Hash Function; Randomness -- Authenticated Encryption -- Block Cipher -- SCA and Leakage Resilience -- Zero Knowledge -- Post Quantum Cryptography -- Provable Security -- Digital Signature -- Functional and Homomorphic Cryptography -- ABE and IBE -- Foundation -- Cryptographic Protocol -- Multi-Party Computation. 
520 |a The two-volume set LNCS 10031 and LNCS 10032 constitutes the refereed proceedings of the 22nd International Conference on the Theory and Applications of Cryptology and Information Security, ASIACRYPT 2016, held in Hanoi, Vietnam, in December 2016. The 67 revised full papers and 2 invited talks presented were carefully selected from 240 submissions. They are organized in topical sections on Mathematical Analysis; AES and White-Box; Hash Function; Randomness; Authenticated Encryption; Block Cipher; SCA and Leakage Resilience; Zero Knowledge; Post Quantum Cryptography; Provable Security; Digital Signature; Functional and Homomorphic Cryptography; ABE and IBE; Foundation; Cryptographic Protocol; Multi-Party Computation. 
650 0 |a Data encryption (Computer science). 
650 0 |a Computer security. 
650 0 |a Coding theory. 
650 0 |a Information theory. 
650 0 |a Management information systems. 
650 0 |a Computer science. 
650 0 |a Computers. 
650 0 |a Computer science—Mathematics. 
650 1 4 |a Cryptology.  |0 https://scigraph.springernature.com/ontologies/product-market-codes/I28020 
650 2 4 |a Systems and Data Security.  |0 https://scigraph.springernature.com/ontologies/product-market-codes/I28060 
650 2 4 |a Coding and Information Theory.  |0 https://scigraph.springernature.com/ontologies/product-market-codes/I15041 
650 2 4 |a Management of Computing and Information Systems.  |0 https://scigraph.springernature.com/ontologies/product-market-codes/I24067 
650 2 4 |a Theory of Computation.  |0 https://scigraph.springernature.com/ontologies/product-market-codes/I16005 
650 2 4 |a Mathematics of Computing.  |0 https://scigraph.springernature.com/ontologies/product-market-codes/I17001 
700 1 |a Cheon, Jung Hee.  |e editor.  |0 (orcid)0000-0002-7085-2220  |1 https://orcid.org/0000-0002-7085-2220  |4 edt  |4 http://id.loc.gov/vocabulary/relators/edt 
700 1 |a Takagi, Tsuyoshi.  |e editor.  |4 edt  |4 http://id.loc.gov/vocabulary/relators/edt 
710 2 |a SpringerLink (Online service) 
773 0 |t Springer Nature eBook 
776 0 8 |i Printed edition:  |z 9783662538869 
776 0 8 |i Printed edition:  |z 9783662538883 
830 0 |a Security and Cryptology ;  |v 10031 
856 4 0 |u https://doi.org/10.1007/978-3-662-53887-6 
912 |a ZDB-2-SCS 
912 |a ZDB-2-SXCS 
912 |a ZDB-2-LNC 
950 |a Computer Science (SpringerNature-11645) 
950 |a Computer Science (R0) (SpringerNature-43710)